Panduan Mengurus JENAZAH / (Record no. 746)

000 -LEADER
fixed length control field nam a22 a 4500
003 - CONTROL NUMBER IDENTIFIER
control field AKMAL
005 - DATE AND TIME OF LATEST TRANSACTION
control field 20170505091518.0
008 - FIXED-LENGTH DATA ELEMENTS--GENERAL INFORMATION
fixed length control field 160506s2015 my e o000 0 may d
020 ## - INTERNATIONAL STANDARD BOOK NUMBER
International Standard Book Number 9789830425528
Qualifying information paperback
040 ## - CATALOGING SOURCE
Original cataloging agency AKMAL
082 04 - DEWEY DECIMAL CLASSIFICATION NUMBER
Classification number 297.07 SHE
090 ## - LOCALLY ASSIGNED LC-TYPE CALL NUMBER (OCLC); LOCAL CALL NUMBER (RLIN)
Classification number (OCLC) (R) ; Classification number, CALL (RLIN) (NR) 297.07
Local cutter number (OCLC) ; Book number/undivided call number, CALL (RLIN) SHE
100 1# - MAIN ENTRY--PERSONAL NAME
Personal name Sheikh Abdullah Muhammad Basmeih,
Dates associated with a name 1913-
Relator term author.
9 (RLIN) 1609
245 10 - TITLE STATEMENT
Title Panduan Mengurus JENAZAH /
Statement of responsibility, etc. Oleh: Sheikh Abdullah Mohd. Basmeih ; Disemak dan Disahkan oleh: Sahib al-Samashah Tan Sri Datuk Sheikh Abdul Mohsein Haji Salleh
264 #1 - PRODUCTION, PUBLICATION, DISTRIBUTION, MANUFACTURE, AND COPYRIGHT NOTICE
Place of production, publication, distribution, manufacture Putrajaya :
Name of producer, publisher, distributor, manufacturer Jabatan Kemajuan Islam Malaysia (JAKIM),
Date of production, publication, distribution, manufacture, or copyright notice 2015
300 ## - PHYSICAL DESCRIPTION
Dimensions cm
650 10 - SUBJECT ADDED ENTRY--TOPICAL TERM
Topical term or geographic name entry element Funeral rites and ceremonies, Islamic
9 (RLIN) 1515
650 20 - SUBJECT ADDED ENTRY--TOPICAL TERM
Topical term or geographic name entry element Dead
General subdivision Religious aspects
-- Islam
9 (RLIN) 1610
700 0# - ADDED ENTRY--PERSONAL NAME
Personal name Abdul Mohsein Haji Salleh,
Titles and other words associated with a name Datuk Sheikh
9 (RLIN) 1611
942 ## - ADDED ENTRY ELEMENTS (KOHA)
Source of classification or shelving scheme
Koha item type Book
Holdings
Withdrawn status Lost status Source of classification or shelving scheme Damaged status Not for loan Collection code Home library Current library Shelving location Date acquired Inventory number Total Checkouts Full call number Barcode Date last seen Price effective from Koha item type
          NON-FICTION AKMAL Melaka AKMAL Melaka PINJAMAN 05.05.2017 200169   297.07 SHE 201701756 05.05.2017 05.05.2017 Book
Pusat Sumber Maklumat Dato' Haji Sarmin Md Hussin, Akademi Kastam Diraja Malaysia, Melaka
Tel: 06-2331106 | Faks: 06-2313787